| 000 | 00442nab a22001577a 4500 | ||
|---|---|---|---|
| 001 | T027600010269-04 | ||
| 008 | 190830b xxu||||| |||| 00| 0 esp | | ||
| 040 |
_aFEVP _cFEVP |
||
| 100 | _aVargas E, Jorge Enrique. | ||
| 245 | _aAgricultura y políticas macroeconómicas* Una aproximación analítica. | ||
| 300 | _app. 115-173 | ||
| 650 | _aHábitos Alimenticios | ||
| 650 | _aCocina--Historia | ||
| 650 | _aAlimentos--Historia | ||
| 942 | _cANL | ||
| 999 |
_c12990 _d12990 |
||